书目信息 |
| 题名: |
芒果现代实用栽培与贮藏加工技术
|
|
| 作者: | 陈大代 | |
| 分册: | ||
| 出版信息: | 农业出版社 1993.11 |
|
| 页数: | 163页 | |
| 开本: | 32开 | |
| 丛书名: | ||
| 单 册: | ||
| 中图分类: | TS255.4 | |
| 科图分类: | ||
| 主题词: | 食品工业 | |
| 电子资源: | ||
| ISBN: | 7-109-02964-6 | |
| 000 | 00566nam0 2200193 45 | |
| 001 | 0308271086 | |
| 005 | 20030827105648.3 | |
| 010 | @a7-109-02964-6@dRMB9.80 | |
| 100 | @a20030827d1993 km y0chiy0120 ea | |
| 101 | @achi | |
| 105 | @a z 000yy | |
| 200 | 1 | @a芒果现代实用栽培与贮藏加工技术@Amang guo xian dai shi yong zai pei yu zhu cang jia gong ji shu@f陈大代@Fchen da dai |
| 210 | @c农业出版社@d1993.11 | |
| 215 | @a163页@c无图表@d32开 | |
| 606 | 0 | @a食品工业 |
| 690 | @aTS255.4@v3 | |
| 701 | 0 | @a陈大代 |
| 801 | @aCN@b@c20030827 | |
| 905 | @aBZT@dTS255.4@e100 | |
| 芒果现代实用栽培与贮藏加工技术/陈大代.-农业出版社,1993.11 |
| 163页:无图表;32开 |
| ISBN 7-109-02964-6:RMB9.80 |
| ● |
| 相关链接 |
|
|
|
正题名:芒果现代实用栽培与贮藏加工技术
索取号:TS255.4/100
 
预约/预借
| 序号 | 登录号 | 条形码 | 馆藏地/架位号 | 状态 | 备注 |
| 1 | 99588 | 200046137 | 中心书库中库/ 中库025架A面6列2层1/ [索取号:TS255.4/100] | 在馆 | |
| 2 | 99589 | 200046128 | 中心书库中库/ 中库025架A面6列3层2/ [索取号:TS255.4/100] | 在馆 | |
| 3 | 99590 | 200046146 | 中心书库中库/ 中库025架A面6列3层3/ [索取号:TS255.4/100] | 在馆 | |
| 4 | 99591 | 200046164 | 中心书库中库/ 中库025架A面6列3层1/ [索取号:TS255.4/100] | 在馆 | |
| 5 | 99592 | 200046119 | 中心书库中库/ 中库025架A面6列3层4/ [索取号:TS255.4/100] | 在馆 | |
| 6 | 99593 | 200046155 | 中心书库中库/ 中库025架A面6列3层5/ [索取号:TS255.4/100] | 在馆 | |
| 7 | 99594 | 200046182 | 中心书库中库/ 中库025架A面6列3层6/ [索取号:TS255.4/100] | 在馆 | |
| 8 | 99595 | 200046173 | 中心书库中库/ 中库025架A面6列3层7/ [索取号:TS255.4/100] | 在馆 | |
| 9 | 99596 | 200046208 | 中心书库中库/ 中库025架A面6列3层8/ [索取号:TS255.4/100] | 在馆 | |
| 10 | 99597 | 200046191 | 中心书库中库/ 中库025架A面6列3层9/ [索取号:TS255.4/100] | 在馆 |